| 000 | 00993nam a22002057a 4500 | ||
|---|---|---|---|
| 003 | BUBTL | ||
| 008 | 210929b ||||| |||| 00| 0 eng d | ||
| 020 | _a9789848143766 | ||
| 082 | _a954.92 / R1864b 2021 | ||
| 100 |
_94233 _aরতন, মোজাম্মেল হোসেন |
||
| 245 |
_aবঙ্গবন্ধুর ৭মার্চের ভাষণ : _bপ্রতিটি বাক্যের তাৎপর্যপূর্ণ বিশ্লেষণ / _cমোজাম্মেল হোসেন রতন |
||
| 250 | _a1st ed | ||
| 260 |
_aঢাকা : _bপালক পাবলিশার্স, _cc2021. |
||
| 300 |
_a128 p. : _c24 cm. |
||
| 505 | _aBangabandhu, 7 march, Vason, Meaning and Analysis, Tatporjopurna, Bishleshon, তাৎপর্যপূর্ণ, বিশ্লেষণ, ভাষণ | ||
| 650 | 0 |
_93574 _aবঙ্গবন্ধু |
|
| 856 |
_k0 _l0 _yDownload |
||
| 942 |
_2ddc _cBK |
||
| 999 |
_c6547 _d6547 |
||